[Event "Holiday Open"]
[Site "?"]
[Date "1973.12.16"]
[Round "5"]
[White "McGeary, B."]
[Black "Bailey, B."]
[Result "0-1"]
[WhiteElo "1723"]
[BlackElo "1985"]
[Annotator "Stockfish 14 (15s)"]
[PlyCount "102"]
[EventDate "1973.??.??"]

{D35: Queen's Gambit Declined: Exchange Variation} 1. d4 d5 2. Nf3 Nf6 3. c4 e6
4. Bg5 Nbd7 5. cxd5 exd5 6. Nc3 c6 7. e3 Be7 8. Bd3 Ne4 9. Bxe7 Qxe7 10. Qc2
Ndf6 11. Ne5 Nxc3 (11... O-O 12. O-O Nxc3 13. Qxc3 Ne4 14. Bxe4 dxe4 15. b4 Be6
16. Rfc1 Qg5 17. Kh1 Rad8 18. Qc2 Qh4 19. f4 exf3 20. Nxf3 Qh6 21. Re1 Rfe8 22.
e4 Bg4 23. Ne5 Bh5 24. Qc3 Qd6 25. g4 Qxd4 26. Qxd4 {
Berkes,F (2616)-Fressinet,L (2654) Plovdiv 2003 0-1 (39)}) 12. bxc3 (12. Qxc3
Ng4 13. Nxg4 Bxg4 14. O-O O-O 15. Qc2 Qh4 16. f3 Be6 17. f4 f5 18. Rf3 Qe7 19.
Raf1 Rae8 20. Rg3 Bd7 21. Rff3 Qf6 22. Rg5 g6 23. Rh3 Re7 24. Qf2 Rg7 25. Qh4
c5 26. Qf2 c4 {Hughes,R (1805)-Kusenkova,N Herceg Novi 2006 0-1 (52)}) 12... g6
$146 (12... Nd7 13. Nxd7 Bxd7 14. O-O Rd8 15. Rae1 Kf8 16. e4 dxe4 17. Bxe4 Qd6
18. f4 h5 19. Bf5 Bxf5 20. Qxf5 Qd5 21. Qc2 f6 22. Re4 Re8 23. Rxe8+ Kxe8 24.
Qg6+ Qf7 25. Re1+ Kf8 26. Qf5 g6 27. Qc5+ {
Mundwiler,L (2093)-Moffat,R (1733) Winnipeg 2000 1-0}) (12... Be6 13. O-O O-O
14. Rab1 Rfc8 15. f4 Rc7 16. f5 Bd7 17. g4 c5 18. Qg2 h6 19. h4 c4 20. Bc2 Nh7
21. Qg3 Be8 22. Rbe1 Qd6 23. Qg2 f6 24. Nf3 Re7 25. g5 hxg5 26. hxg5 Nxg5 27.
Nxg5 {Jaeger,E-Brueggemann,R Dresden 2001 0-1 (37)}) 13. O-O O-O 14. f4 (14. c4
c5 $14) 14... c5 $11 15. f5 (15. Qf2 $142 Ne4 16. Bxe4 dxe4 17. Qc2 $11) 15...
c4 $17 16. fxg6 (16. Be2 Bxf5 17. Rxf5 gxf5 18. Qxf5 Qe6 19. Qg5+ Kh8 $17)
16... cxd3 $19 17. gxh7+ Kxh7 18. Qxd3+ Ne4 19. c4 Be6 20. cxd5 (20. Rf4 f5 21.
Qe2 Qg5 $19) 20... Bxd5 21. Rf4 (21. Rf5 f6 22. Qe2 fxe5 23. Rxe5 Qf7 24. Rh5+
Kg7 25. Qg4+ Qg6 26. Qxg6+ Kxg6 27. Rxd5 Nc3 28. Rd6+ Kf5 $19) 21... f5 22.
Raf1 Rg8 $4 (22... Rac8 $142 23. Rxf5 Rxf5 24. Rxf5 Rc1+ 25. Rf1 Rxf1+ 26. Qxf1
Qg5 $19) 23. Qe2 $11 (23. Rxf5 $4 Rxg2+ 24. Kxg2 Qg7+ 25. Kf3 Nc5+ 26. Ke2 Nxd3
27. Kxd3 Qh6 $19) 23... Rxg2+ 24. Qxg2 Rg8 25. Ng4 Rxg4 (25... Qh4 26. h3 Rg7
27. Rxf5 $11) 26. Rxg4 $14 fxg4 27. Qxg4 Nc3 $4 (27... Bxa2 28. Rf5 Qg7 29.
Rh5+ Kg8 30. Qxg7+ Kxg7 31. Ra5 $14) 28. Qh5+ $4 (28. Qh3+ $5 Kg7 29. Rf5 Bf7
30. Qg2+ Bg6 $18) 28... Kg7 $2 (28... Kg8 $142 29. Qg6+ Qg7 30. Qxg7+ Kxg7 $11)
29. Rf5 $4 (29. Qg4+ $142 Kh6 30. Qh3+ Kg7 31. Rf5 $18) 29... Qxe3+ $19 30. Kf1
Qc1+ 31. Kf2 Ne4+ 32. Ke2 Qd2+ 33. Kf1 Bc4+ (33... Qd3+ 34. Ke1 Qe3+ 35. Qe2
Qc3+ 36. Kf1 Bc4 37. Qxc4 Qxc4+ 38. Kg2 Qe2+ 39. Kh3 Nf6 40. Kg3 Qg4+ 41. Kf2
Qxf5+ 42. Ke3 Qe4+ 43. Kd2 Qxd4+ 44. Kc2 Ne4 45. a3 Qd2+ 46. Kb3 b5 47. a4 Nc5+
48. Ka3 b4#) 34. Kg1 Qxd4+ 35. Kg2 Qd2+ 36. Kg1 Qc1+ 37. Kg2 Qb2+ 38. Kg1 (38.
Kh3 Qa3+ 39. Kg2 Qxa2+ 40. Kh1 Qa1+ 41. Kg2 Qb2+ 42. Kh1 Nf6 43. Qg5+ Kf7 $19)
38... Qa1+ 39. Kg2 Qxa2+ 40. Kg1 Qb1+ 41. Kg2 Qc2+ 42. Kg1 Qc1+ 43. Kg2 Qd2+ (
43... Qb2+ 44. Kh1 Nf6 45. Qg5+ Kf7 46. Rf4 Qc1+ 47. Kg2 Qd2+ 48. Kg3 Qc3+ 49.
Rf3 Qe1+ 50. Kg2 $19) 44. Kg1 (44. Kh1 Qc1+ 45. Kg2 Qb2+ 46. Kh1 Nf6 47. Qg5+
Kf7 $19) 44... Qc1+ (44... Qd4+ $142 45. Kg2 Nf6 46. Qg5+ Kf7 $19) 45. Kg2 Qd2+
$4 (45... Qb2+ $142 46. Kh1 Nf6 47. Qg5+ Kf7 $19) 46. Kg1 $4 (46. Kh1 Nf2+ 47.
Rxf2 Qxf2 48. Qg4+ Kh6 49. Qxc4 $11) 46... Qe1+ (46... Qd4+ $142 47. Kg2 Nf6
48. Rg5+ Kf8 49. Qh8+ Ke7 50. Rg7+ Bf7 $19) 47. Kg2 $11 Qe2+ 48. Qxe2 Bxe2 49.
Re5 Nc3 50. Re3 (50. Re7+ $142 Kf6 51. Rxb7 $11) 50... Nd5 $17 51. Re5 $2 (51.
Ra3 $142 a6 52. Kf2 $17) 51... Bc4 $19 0-1

[Event "Winter Open"]
[Site "?"]
[Date "1974.01.26"]
[Round "1"]
[White "Bailey, B."]
[Black "Harris, R."]
[Result "1-0"]
[WhiteElo "2044"]
[BlackElo "1541"]
[Annotator "Stockfish 14 (15s)"]
[PlyCount "49"]
[EventDate "1974.??.??"]

{B76: Sicilian Dragon: Yugoslav Attack, 9 g4 and 9 0-0-0} 1. e4 c5 2. Nf3 d6 3.
d4 cxd4 4. Nxd4 Nf6 5. Nc3 g6 6. Be3 Bg7 7. f3 O-O 8. Qd2 e6 9. g4 Nc6 10. Nxc6
$146 (10. Ndb5 d5 11. Bc5 a6 12. Bxf8 Kxf8 13. exd5 exd5 14. Na3 b5 15. Nd1 b4
16. Nb1 Bxg4 17. Bg2 Qe7+ 18. Qe3 Ne4 19. fxe4 Bxd1 20. Nd2 Bxc2 21. Rc1 d4 22.
Qh3 d3 23. O-O Kg8 24. e5 Rd8 {Kochyev,A-Miles,A Manila 1974 0-1 (46)}) (10.
Rg1 d5 11. g5 Nd7 12. exd5 exd5 13. O-O-O Nb6 14. f4 Re8 15. Rg3 Bd7 16. Bf2
Rc8 17. Kb1 Ne7 18. b3 Nf5 19. Nxf5 Bxf5 20. Bh3 Bxh3 21. Rxh3 Qd7 22. Rd3 Qg4
23. Bd4 h5 24. Bxg7 Kxg7 {
Dolmatov,S (2580)-Georgiev,K (2590) Sofia 1989 1/2-1/2 (45)}) (10. g5 Nh5 11.
Nxc6 bxc6 12. Ne2 f5 13. exf5 Rxf5 14. Ng3 Rd5 15. Bd3 Ba6 16. Nxh5 gxh5 17.
O-O Qe8 18. Rad1 Bxd3 19. cxd3 c5 20. b3 a5 21. Kh1 Qg6 22. Qe2 a4 23. bxa4
Rxa4 24. f4 Qf5 {Kostin,K (2313)-Gubajdullin,A (2442) Vladimir 2004 0-1 (42)})
(10. h4 d5 11. Nxc6 (11. g5 Nh5 12. exd5 exd5 13. O-O-O Ng3 14. Rh2 Re8 15.
Nce2 Nf5 16. Bg1 Be5 17. f4 Bg7 18. Bg2 Qb6 19. Bxd5 Nfxd4 20. Nxd4 Bg4 21. Nb3
Qb5 22. Bxc6 Qxc6 23. Re1 Rxe1+ 24. Qxe1 Re8 25. Qf1 Qe4 {
Hazai,L (2460)-Georgiev,K (2430) Plovdiv 1984 1/2-1/2 (50)}) 11... bxc6 12.
O-O-O Qa5 13. exd5 Rb8 14. Bd4 exd5 15. Bxf6 Bxf6 16. Qf4 Bf5 17. gxf5 Rxb2 18.
Rd3 Bxc3 19. fxg6 hxg6 20. h5 Rfb8 21. Kd1 Re8 22. Re3 Rxe3 {
0-1 (22) Thorisson,S (2200)-Kudrin,S (2480) Gausdal 1982}) 10... bxc6 11. h4 e5
$2 (11... d5 $142 $5 12. O-O-O Rb8 $16) 12. h5 (12. g5 $142 Nh5 13. O-O-O $18)
12... Nxg4 $4 (12... d5 13. hxg6 fxg6 $18) 13. fxg4 Bxg4 (13... d5 14. h6 Bh8
15. exd5 Bxg4 16. dxc6 $18) 14. Be2 Qd7 (14... Bxe2 15. Qxe2 h6 16. O-O-O $18)
15. O-O-O Rfd8 (15... Bxe2 16. Qxe2 Bf6 17. Rdg1 $18) 16. Bxg4 Qxg4 17. Rdg1
Qe6 18. Bh6 (18. Qh2 Kf8 $18) 18... Qf6 (18... Bxh6 19. Qxh6 Rd7 20. Nd1 $18)
19. Bg5 Qe6 20. hxg6 fxg6 21. Qh2 h5 22. Bxd8 Rxd8 23. Qg3 (23. Kb1 $142 $18)
23... Kh7 (23... Bh6+ 24. Kb1 Kh7 $18) 24. Rxh5+ $1 gxh5 25. Qxg7# 1-0

[Event "Winter Open"]
[Site "?"]
[Date "1974.01.26"]
[Round "2"]
[White "Campbell, G."]
[Black "Bailey, B."]
[Result "0-1"]
[WhiteElo "1764"]
[BlackElo "2044"]
[Annotator "Stockfish 13 (15s)"]
[PlyCount "58"]
[EventDate "1974.??.??"]

{C34: King's Gambit Accepted: 3 Nf3: 3...Nf6 and 3...d6} 1. e4 e5 2. f4 exf4 3.
Nf3 d6 4. Bc4 h6 5. O-O g5 6. h4 (6. g3 Bh3 7. Rf2 Nf6 8. gxf4 gxf4 9. Nc3 Rg8+
10. Kh1 Ng4 11. Re2 Ne5 12. Ng1 Rxg1+ 13. Qxg1 f3 14. Bb5+ c6 15. Rf2 Bg2+ 16.
Rxg2 fxg2+ 17. Qxg2 cxb5 18. d4 Ng6 19. Be3 Nd7 20. Rf1 Nb6 {
Huebner,R (2590)-Honfi,K (2440) Sukhumi 1972 0-1 (40)}) (6. Nc3 c6 7. d3 Bg7 8.
Kh1 Ne7 9. Qe2 O-O 10. Bd2 Bg4 11. h3 Bh5 12. Qf2 a5 13. a4 Nd7 14. g3 Bxf3+
15. Qxf3 Ne5 16. Qh5 Nxc4 17. dxc4 fxg3 18. Rf3 Ng6 19. Rxg3 Qf6 20. Rf3 Nf4 {
Fowler,D-Findley,K Southend 2006 0-1 (46)}) 6... Bg7 7. d4 Nc6 8. Nc3 $2 $146 (
8. c3 g4 9. Nh2 f3 10. Qe1 Bf6 11. gxf3 Bxh4 12. Qe2 g3 13. Ng4 h5 14. Ne3 Nh6
15. Nd2 Bh3 16. Ng2 Be7 17. Bb3 h4 18. Nc4 Kd7 19. Ba4 Kc8 20. Bxc6 bxc6 21.
Na5 a6 22. Nxc6 Qd7 {
Thorsteinsdottir,G (2015)-Garcia Vicente,N (2160) Thessaloniki 1984 0-1 (35)})
(8. c3 Qf6 9. Na3 $19) 8... g4 9. Bxf4 (9. d5 Na5 10. Be2 gxf3 11. Rxf3 $19)
9... gxf3 10. Qxf3 (10. Be3 Bg4 11. Rxf3 Bxf3 12. Qxf3 Nf6 $19) 10... Bxd4+ 11.
Kh1 (11. Be3 Bxe3+ 12. Qxe3 Be6 13. Bxe6 fxe6 $19) 11... Qxh4+ 12. Bh2 f6 13.
g3 (13. Nb5 Ne5 14. Qf4 Qxf4 15. Rxf4 Bb6 16. Bxg8 Rxg8 $19) 13... Qg5 14. Bb5
(14. Nd5 Kd8 15. Qf4 Bxb2 $19) 14... Bd7 15. Nd5 O-O-O 16. c3 (16. Bxc6 Bxc6
17. Rad1 Be5 18. Qf5+ Kb8 19. Qxg5 hxg5 $19) 16... Be5 17. a4 (17. Qe3 Qg7 $19)
17... h5 18. Rf2 (18. Qe3 Qg7 19. a5 Nh6 $19) 18... Bg4 (18... Nh6 $142 19. Qe3
Qg7 20. Rg2 $19) 19. Qd3 (19. Qe3 Qg7 20. Rg1 h4 $19) 19... h4 20. Bxc6 hxg3
21. Bxb7+ Kxb7 22. Qb5+ Kc8 23. Qa6+ (23. Rg2 Bf3 24. Qa6+ Kd7 25. Qb5+ c6 26.
Qb7+ Ke8 27. Nc7+ Kf7 28. Ne6+ Kxe6 29. Qb3+ Ke7 30. Re1 Bxg2+ 31. Kg1 gxh2+
32. Kf2 Qd2+ 33. Re2 Qf4+ 34. Ke1 h1=Q#) 23... Kd7 24. Qb5+ (24. Rg2 Bf3 25.
Qb5+ c6 26. Qb7+ Ke8 27. Nc7+ Kf7 28. Ne6+ Kxe6 29. Qb3+ Ke7 30. Qb7+ Rd7 31.
Re1 gxh2 32. Qxd7+ Kxd7 33. Reg1 hxg1=Q+ 34. Kxg1 Qxg2#) 24... c6 25. Qb7+ Ke8
26. Nc7+ (26. Rg2 Rxh2+ 27. Rxh2 gxh2 28. Nc7+ Kf8 29. Ne6+ Bxe6 30. Qxa7 Qf4
31. Qf7+ Bxf7 32. Rg1 hxg1=Q+ 33. Kxg1 Qg3+ 34. Kf1 Bc4#) 26... Kf8 27. Rf5 (
27. Ne6+ Bxe6 28. Rg2 Rxh2+ 29. Rxh2 gxh2 30. Qa6 Qe3 31. Qd3 Qxd3 32. Rg1
hxg1=Q+ 33. Kxg1 Qg3+ 34. Kf1 Bc4#) 27... Rxh2+ 28. Kg1 Qe3+ 29. Kf1 Qe2+ (
29... Qe2+ 30. Kg1 Qg2#) (29... g2#) 0-1

[Event "Winter Open"]
[Site "?"]
[Date "1974.01.26"]
[Round "3"]
[White "Bailey, B."]
[Black "Spiegel, M."]
[Result "0-1"]
[WhiteElo "2044"]
[BlackElo "2161"]
[Annotator "Stockfish 13 (15s)"]
[PlyCount "36"]
[EventDate "1974.??.??"]

{C67: Ruy Lopez: Berlin Defence: 4 0-0 Nxe4} 1. e4 e5 2. Nf3 Nc6 3. Bb5 Nf6 4.
O-O Nxe4 5. Re1 Nd6 6. Bxc6 dxc6 7. Rxe5+ Be7 8. d4 (8. Qe2 Bg4 9. d4 Kf8 10.
b3 Bf6 11. Ba3 Kg8 12. Bxd6 cxd6 13. Re4 Bf5 14. Re3 g5 15. c3 g4 16. Ne1 Bg5
17. Rg3 Qe8 18. Qd1 Bf4 19. Rxg4+ Bxg4 20. Qxg4+ Kf8 21. Nd3 Bh6 22. Na3 Qe6 {
Mittermayr,G (2178)-Kastner,W (2239) Austria 2006 0-1 (35)}) (8. Qe1 Nc4 9. Re4
Nd6 10. Re5 f6 11. Re3 Kf7 12. d3 Nf5 13. Re2 Bd6 14. Nc3 Re8 15. Ne4 Bd7 16.
Bd2 Ne7 17. h3 Ng6 18. Nxd6+ cxd6 19. Rxe8 Qxe8 20. Qxe8+ Rxe8 21. Kf1 Ne5 22.
Nxe5+ Rxe5 {Gonnermann,J (1689)-Dalakian,H (1953) Willingen 2006 1/2-1/2}) 8...
O-O 9. c3 $146 (9. Nc3 Bf6 10. Bg5 (10. Re1 Bg4 11. Be3 Nf5 12. Ne2 Bxf3 13.
gxf3 Nh4 14. Ng3 Qd5 15. Ne4 Qh5 16. Nd2 Qg6+ 17. Kf1 Rfe8 18. c3 c5 19. dxc5
Rad8 20. Qb1 Qg2+ 21. Ke2 Bg5 22. Kd1 Bxe3 23. Rxe3 Rxe3 {
0-1 (23) Kalivoda,J (1815)-Priborsky,M (1795) Czechia 2001}) 10... Bg4 11. Bxf6
Qxf6 12. Ne4 Qg6 13. Ng3 Nc4 14. Re7 Qd6 15. Qe2 Bxf3 16. gxf3 Qxd4 17. Rd1 Qf6
18. Rxc7 Nxb2 19. Rdd7 Rfe8 20. Qf1 Qxf3 21. Rxb7 Qf6 22. Qc1 Nc4 23. Rxf7 Qc3
{Studnicka,T-Simlova,K Plzen 1999 1-0}) (9. Bf4 Nc4 10. Re1 Nxb2 11. Qe2 Be6
12. Nbd2 Na4 13. c4 Nb6 14. Qd3 Re8 15. Ne5 Bb4 16. Rac1 f6 17. Nef3 Qd7 18. a3
Bf8 19. Nf1 Rad8 20. Red1 c5 21. Qe4 Bd5 22. Qd3 Be6 23. Qe4 Qc8 {
Nizharadze,P-Sanikidze,T (2090) Tbilisi 2002 0-1}) 9... Bg4 (9... Re8 10. Bf4
$15) 10. h3 $11 f6 11. Re1 (11. Qb3+ $5 Kh8 12. Rxe7 Bxf3 13. Re1 $11) 11...
Bh5 $15 12. Qe2 (12. Bf4 $5 $15) 12... Re8 $17 13. Qe6+ (13. Be3 a5 $17) 13...
Kh8 14. Nbd2 Bf8 15. Qb3 Rxe1+ 16. Nxe1 Qe8 17. Ndf3 Qe4 (17... a5 18. Bf4 a4
19. Qd1 $17) 18. Qc2 $4 (18. Be3 $142 $17) 18... Bxf3 $19 (18... Bxf3 19. Qxe4
Bxe4 $19 (19... Nxe4 $6 20. Nxf3 Kg8 21. Bf4 $11)) 0-1

[Event "Winter Open"]
[Site "?"]
[Date "1974.01.27"]
[Round "4"]
[White "Jeanpierre, R."]
[Black "Bailey, B."]
[Result "1-0"]
[WhiteElo "1870"]
[BlackElo "2044"]
[Annotator "Stockfish 13 (15s)"]
[PlyCount "91"]
[EventDate "1974.??.??"]

{C95: Closed Ruy Lopez: Breyer Variation with 10 d4} 1. e4 e5 2. Nf3 Nc6 3. Bb5
a6 4. Ba4 Nf6 5. O-O Be7 6. Re1 b5 7. Bb3 d6 8. c3 O-O 9. h3 Nb8 10. d4 Nbd7
11. Nbd2 Bb7 12. Bc2 Re8 13. Nf1 Bf8 14. Ng3 g6 15. Bg5 Bg7 16. Qd2 Re7 (16...
Qe7 17. b3 Qf8 18. d5 Rec8 19. c4 bxc4 20. bxc4 Nc5 21. h4 a5 22. Rac1 Ba6 23.
Bb1 Rcb8 24. h5 Rb4 25. Bd3 Rab8 26. Rc2 a4 27. Nf1 Bc8 28. Nh4 Ng4 29. hxg6
fxg6 30. f3 Nh6 31. Be3 {Socko,B (2610)-Sasikiran,K (2663) Bastia 2005 0-1 (31)
}) (16... Nf8 17. Bh6 Bh8 18. b3 c6 19. Rad1 Qc7 20. Qg5 Ne6 21. Qh4 Qe7 22.
dxe5 dxe5 23. Nxe5 Nh5 24. Qxe7 Rxe7 25. Nxh5 Bxe5 26. Ng3 Bxc3 27. Re3 Bd4 28.
Red3 c5 29. b4 Bg7 30. Bxg7 Kxg7 31. bxc5 {
Kavitha,J (2126)-Swathi,G (2244) Visakhapatnam 2006 1/2-1/2 (59)}) 17. Bh6 $146
(17. Rad1 Qf8 18. Qe2 h6 19. Bd2 c5 20. dxe5 dxe5 21. Be3 Qc8 22. Qd2 Kh7 23.
Nh2 c4 24. Qe2 Nc5 25. f3 Qc7 26. Qf2 Ncd7 27. Rd2 Rc8 28. Red1 Ree8 29. Ng4
Nxg4 30. hxg4 Nf6 31. Nf1 Bf8 {Ly,A-Ottaviani,W Manila 1992 1-0 (37)}) 17...
Qf8 (17... Bxh6 18. Qxh6 Qf8 19. Qd2 $16) 18. Bxg7 Qxg7 19. d5 Ree8 20. a4 Qf8
21. a5 Rec8 22. b4 c6 (22... Ne8 23. Bb3 Ndf6 24. Rf1 $16) 23. dxc6 Rxc6 24.
Bb3 h6 25. Rac1 Rac8 26. Red1 (26. Nh2 R6c7 $16) 26... Kg7 (26... R6c7 27. Qd3
$16) 27. Qd3 (27. Nh2 R6c7 28. f3 Qd8 $16) 27... Qe7 (27... R6c7 28. Nh2 $16)
28. Nh4 $16 Qf8 29. Nhf5+ gxf5 30. Nxf5+ Kh7 31. Nxd6 Rxd6 $2 (31... R8c7 $142
32. c4 Ne8 33. Nxb7 Qe7 $16) 32. Qxd6 $18 Qg7 (32... Qxd6 33. Rxd6 Kg7 34. f3
$18) 33. Rd3 (33. f3 $142 Bc6 34. Rc2 $18) 33... Qg5 $4 (33... Nf8 34. Qxe5
Bxe4 $18) 34. Re1 Qh4 (34... Qg8 35. Qe7 Re8 36. Qxf7+ Qxf7 37. Bxf7 Re7 $18)
35. Bxf7 Bxe4 36. Rg3 Bf5 37. Qe7 (37. Be6 Kh8 38. Bxf5 Rg8 39. Bxd7 Nxd7 40.
Qxd7 Rxg3 41. fxg3 Qh5 42. Rf1 Qg5 43. Rf8+ Qg8 44. Rxg8+ Kxg8 45. Kf2 e4 46.
Ke3 h5 47. Kxe4 h4 48. Ke5 hxg3 49. Kf6 Kh8 50. Qg7#) 37... Kh8 38. Be6 Qxg3
39. fxg3 Bxe6 40. Qxe6 Rxc3 (40... Ra8 41. Rd1 $18) 41. Rf1 Kg7 42. Kh2 Rc4 43.
Qxa6 Rxb4 44. Qb7 Kg6 45. a6 Nc5 46. Qe7 (46. Qe7 Rf4 47. gxf4 exf4 48. a7 Nd5
49. Qd6+ Kf5 50. Qxd5+ Kg6 51. a8=Q Ne6 52. Qxe6+ Kg5 53. Qd8+ Kh5 54. Qf7#)
1-0

[Event "Winter Open"]
[Site "?"]
[Date "1974.01.27"]
[Round "5"]
[White "Bailey, B."]
[Black "Christopher, S."]
[Result "1-0"]
[WhiteElo "2044"]
[BlackElo "1707"]
[Annotator "Stockfish 13 (15s)"]
[PlyCount "71"]
[EventDate "1974.??.??"]

{B80: Sicilian Scheveningen: 6 g3 and 6 Be3, including English Attack} 1. e4 c5
2. Nf3 d6 3. d4 cxd4 4. Nxd4 Nf6 5. Nc3 e6 6. Bg5 Nbd7 7. Ndb5 Qb6 $146 (7...
Ne5 8. Be2 (8. f4 Nc6 9. e5 dxe5 10. Qxd8+ Kxd8 11. O-O-O+ Bd7 12. Ne4 Be7 13.
Ned6 Bxd6 14. Nxd6 Ke7 15. Bb5 exf4 16. Bxf4 Nd5 17. Bg3 b6 18. Rhe1 Kf8 19.
Rd3 Nf6 20. Bh4 Ne8 21. Nxf7 Ne5 22. Rxe5 Bxb5 {
Schiemann,D (1316)-Geiss,A (1399) Berlin 2006 0-1 (31)}) 8... a6 9. Nd4 Be7 10.
f4 Ned7 11. O-O Qb6 12. Kh1 Qxb2 13. Qd2 Qb6 14. Rab1 Qc7 15. f5 e5 16. Nf3 Qc6
17. Bd3 Bd8 18. Nd1 O-O 19. Nf2 b5 20. Bxf6 Nxf6 21. g4 d5 22. exd5 {
Reid,J-O'Kelly de Galway,A Cork 1955 0-1 (39)}) (7... h6 8. Bf4 Ne5 9. Qd4 a6
10. Nxd6+ {1-0 (10) Radulov,I (2490)-Murey,J (2440) La Valetta 1980}) (7... Nb8
$142 8. Bf4 e5 $16) 8. Qd2 $4 (8. Be3 $142 Qa5 9. Qd4 $18 (9. Nxd6+ $143 Bxd6
10. Qxd6 Nxe4 $16)) 8... a6 $11 9. Be3 Qc6 10. Nd4 Qc7 (10... Nxe4 11. Qc1 d5
12. Nxc6 Nxc3 13. Nd4 $18) 11. f3 b5 12. Be2 (12. a3 $5 Bb7 13. O-O-O $11)
12... Bb7 13. O-O Be7 14. a3 (14. Kh1 O-O 15. Bg1 Rfd8 $15) 14... O-O $17 15.
g4 (15. Kh1 $17) 15... Rfd8 $4 (15... h6 $142 $19) 16. g5 $11 Ne8 17. f4 Nb6
18. f5 e5 19. f6 Bf8 (19... exd4 $143 20. fxe7 Qxe7 21. Bxd4 $16) 20. fxg7 (20.
Ne6 $142 fxe6 21. f7+ Kh8 22. Bh5 $11) 20... Bxg7 $4 (20... Nxg7 $142 21. Nf5
Nxf5 22. Rxf5 d5 23. exd5 Nxd5 24. Nxd5 Bxd5 $17) 21. Nf5 $16 d5 22. Ne7+ $4 (
22. Bh5 $142 d4 23. Nh6+ (23. Nxg7 $143 Nxg7 24. Bxf7+ Kh8 $11) 23... Bxh6 24.
Bxf7+ (24. gxh6 f6 25. Bg5 dxc3 $11) 24... Qxf7 25. Rxf7 Kxf7 26. gxh6 dxe3 27.
Qg2 $16) 22... Qxe7 $11 23. Bxb6 Rd6 (23... dxe4 $142 24. Qe3 Rd4 $15) 24. Bc5
$16 (24. Nxd5 $4 Bxd5 25. Qe3 Rxb6 26. Qxb6 Qxg5+ 27. Kh1 Bxe4+ 28. Bf3 Qf4 $19
) 24... Rad8 $4 (24... d4 $142 25. Nd5 Bxd5 26. exd5 Rc8 $14) 25. Bh5 $18 dxe4
26. Bxd6 (26. Qe3 $142 Qc7 27. Rxf7 $18) 26... Rxd6 $4 (26... Nxd6 $142 27.
Rad1 Kh8 $18) 27. Qe3 (27. Rxf7 $142 Rxd2 28. Rxe7 Nd6 $18) 27... f5 (27... Rg6
28. Bxg6 hxg6 29. Nxe4 Bxe4 30. Qxe4 Nd6 $18) 28. Rxf5 Qd8 (28... Bc6 29. Raf1
$18) 29. Raf1 Rd2 (29... Nc7 30. Nxe4 Bxe4 31. Qxe4 Rd4 $18) 30. Bxe8 Qd4 31.
Bf7+ Kh8 32. Qxd4 exd4 33. Be6 Bc6 34. Rf8+ $1 Bxf8 (34... Bxf8 35. Rxf8+ {
Mate attack}) 35. Rxf8+ Kg7 36. Rg8# 1-0

[Event "Boeing Swiss"]
[Site "?"]
[Date "1974.01.29"]
[Round "1"]
[White "Brown, E."]
[Black "Bailey, B."]
[Result "0-1"]
[WhiteElo "100"]
[BlackElo "2044"]
[Annotator "Stockfish 13 (15s)"]
[PlyCount "68"]
[EventDate "1974.??.??"]

{C50: Hungarian Defence and Giuoco Pianissimo} 1. e4 e5 2. Nf3 Nc6 3. Bc4 Nf6
4. Nc3 Bc5 5. O-O O-O 6. d3 h6 7. Nd5 d6 8. c3 Na5 9. b4 Nxc4 10. bxc5 Na5 11.
cxd6 Qxd6 12. Nh4 $4 $146 (12. Qa4 b6 13. Ba3 c5 14. c4 Nxd5 15. exd5 Qg6 16.
Bxc5 bxc5 17. Qxa5 Bh3 18. Nh4 Qg5 19. Qxc5 Qxh4 20. gxh3 Qxh3 21. Qe3 Qh5 22.
d6 Qg6+ 23. Kh1 Qxd6 24. Rg1 Qc6+ 25. Rg2 f6 26. Qxh6 Qxg2+ {
Ligon,S-Saylor,O USA 1998 0-1 (41)}) (12. c4 $142 Bg4 13. h3 Nxd5 14. exd5 Bxf3
15. Qxf3 $11) 12... Nxd5 $19 13. Nf5 $4 (13. exd5 Qxd5 14. f4 exf4 15. Bxf4 $19
) 13... Bxf5 14. exf5 Rad8 (14... Rfe8 15. h3 $19) 15. c4 (15. Qa4 b6 $19)
15... Nc3 16. Qd2 (16. Qg4 Qd4 17. Qxd4 Rxd4 $19) 16... Qxd3 17. Qxd3 Rxd3 18.
Ba3 (18. c5 Rfd8 $19) 18... Rfd8 (18... Ne2+ $142 19. Kh1 Rxa3 20. c5 $19) 19.
f6 (19. Bb4 Ne2+ 20. Kh1 Nxc4 $19) 19... Nxc4 (19... Ne2+ $142 20. Kh1 Rxa3 21.
Rfb1 gxf6 22. Rb2 $19) 20. Be7 R8d7 21. Bb4 (21. Rfe1 Nd5 22. Rac1 Nd2 $19)
21... Ne2+ 22. Kh1 a5 23. Bc5 b6 24. Be3 (24. Be7 Nc3 25. h3 Ne4 $19) 24...
Nxe3 25. fxe3 Rxe3 26. Rf2 Rd2 27. Raf1 Rxa2 28. fxg7 Rd3 29. Rxf7 Nf4 30. Rxc7
Rdd2 31. Rg1 Nh3 (31... Rxg2 32. Rc8+ Kxg7 33. Rxg2+ Rxg2 34. Rc7+ Kf8 35. Rc8+
Ke7 36. Rc7+ Kd6 $19) 32. Rf1 (32. Rc8+ Kxg7 33. gxh3+ Kf7 34. Rf1+ Ke6 35. Re1
$19) 32... Rf2 33. Rd1 Rad2 34. Rxd2 Rf1# 0-1

[Event "Boeing Swiss"]
[Site "?"]
[Date "1974.02.19"]
[Round "2"]
[White "Bailey, B."]
[Black "Moulijn, J."]
[Result "1-0"]
[WhiteElo "2050"]
[BlackElo "1621"]
[Annotator "Stockfish 13 (15s)"]
[PlyCount "55"]
[EventDate "1974.??.??"]

{C37: King's Gambit Accepted: Muzio Gambit} 1. e4 e5 2. f4 exf4 3. Nf3 g5 4.
Bc4 Nc6 5. d4 d6 (5... g4 6. O-O gxf3 7. Qxf3 Nxd4 8. Bxf7+ Kxf7 9. Qh5+ Kg7
10. Qg4+ Kf7 11. Bxf4 Nf6 12. Be5 Bc5 13. Qh5+ Kg7 14. Qg5+ {
1-0 (14) Mueller,C (2140)-Faas,D Binz 1995}) 6. h4 $146 (6. O-O Bg4 7. c3 Qe7
8. Qb3 O-O-O 9. Bxf7 Bg7 10. Nbd2 h6 11. h3 Bd7 12. Bd5 Nf6 13. Re1 Nh5 14. Nc4
Ng3 15. Bxc6 Bxc6 16. d5 Bd7 17. Na5 b6 18. Nc6 Bxc6 19. dxc6 d5 20. e5 Qc5+ {
Pavelkova,M-Mueller,M Pardubice 2006 0-1}) 6... f6 (6... Na5 $142 7. Bd3 g4 $11
) 7. c3 $4 (7. hxg5 fxg5 8. d5 $11) 7... Bd7 $4 (7... Qe7 $142 8. O-O Qg7 $17)
8. Nxg5 $1 $18 Qe7 (8... fxg5 9. Qh5+ {Mate attack Clearance}) (8... -- $140 9.
Qh5+ {Mate threat}) 9. Qh5+ Kd8 10. Nf7+ Kc8 11. Nxh8 (11. O-O Ne5 12. dxe5
dxe5 $18) 11... Nh6 (11... Qxe4+ 12. Qe2 Qxe2+ 13. Kxe2 $18) 12. Qf3 Qg7 13.
Bxf4 Qxh8 14. Nd2 Qg7 (14... Ng4 15. Nf1 $18) 15. O-O-O (15. Nf1 $142 Kb8 $18)
15... Bg4 (15... Ng4 16. h5 $18) 16. Bxh6 Bxf3 17. Bxg7 Bxd1 (17... Bxg7 18.
Nxf3 h6 19. Be6+ Kb8 20. d5 $18) 18. Bxf8 Kd7 19. Bg7 Bh5 (19... Bg4 20. Rf1
Re8 21. Rxf6 $18) 20. Rf1 Na5 21. Bd3 (21. Rf5 $142 $5 Nxc4 22. Rxh5 Nb6 23.
Bxf6 Ke6 $18) 21... Rg8 22. Bxf6 Rxg2 (22... Rg3 23. Bc2 Rxg2 24. d5 $18) 23.
d5 Rg3 24. Bb5+ (24. Bc2 $142 $5 Rg2 $18) 24... c6 25. dxc6+ (25. Ba4 $142 Be2
26. Re1 Rg2 $18) 25... bxc6 (25... Nxc6 26. e5 a6 27. Ba4 dxe5 28. Bxe5 $18)
26. Ba6 Kc7 (26... c5 27. e5 $18) 27. Rf5 Kb6 (27... Rg1+ 28. Nf1 Bg4 29. Rxa5
$18) 28. Bd8+ (28. Bd8+ Kxa6 29. Rxa5+ Kb7 30. Rxh5 $18) 1-0